000
00208 a2200097 4500
001
628
100
_a
Institute of Physics
245
_a
Noise in electronics Devices
260
_a
_b
IOP
_c
090
_c
229
_d
229
942
_a
NUST-CAE
_c
M
_c
14335
999
_c
235701
_d
235701